| 000 | 00561nam a22001937a 4500 | ||
|---|---|---|---|
| 003 | OSt | ||
| 005 | 20251008025218.0 | ||
| 008 | 251008b |||||||| |||| 00| 0 eng d | ||
| 020 | _a971-584-422-7. | ||
| 040 |
_aDWCL-Main lib _cOC |
||
| 082 | _2Fil. 610.73 V569p 2005 | ||
| 100 | _aLydia M. Venzon | ||
| 245 | _aProfessional nursing in the Philippines | ||
| 260 |
_aQuezon City : _bC&E Pub., Inc., _cc2005. |
||
| 300 |
_axx, 456 pages ; _c22 cm. |
||
| 650 | _21. Nursing-Philippines. | ||
| 700 | _aVenzon, Ronald M. | ||
| 942 |
_2ddc _cBK-CIRC _e10th ed. _kCirc. _n0 |
||
| 999 |
_c4704 _d4704 |
||